Online
Catalog

La fiebre tifoidea en Santo Domingo / (Record no. 30696)

MARC details
000 -CABECERA
campo de control de longitud fija 00623nam a2200169 a 4500
001 - NÚMERO DE CONTROL
campo de control 000031204
005 - FECHA Y HORA DE LA ÚLTIMA TRANSACCIÓN
campo de control 20200930062754.0
008 - DATOS DE LONGITUD FIJA--INFORMACIÓN GENERAL
campo de control de longitud fija 110614s1911 dr 000 | spa d
040 ## - FUENTE DE LA CATALOGACIÓN
Centro catalogador/agencia de origen DO-SdBNP
Lengua de catalogación spa
Centro/agencia transcriptor BNPHU
082 ## - NÚMERO DE LA CLASIFICACIÓN DECIMAL DEWEY
Número de clasificación xxx
Número de documento/Ítem P581f
049 ## - FONDOS LOCALES (OCLC)
Fondos de biblioteca BNPD
100 1# - ENTRADA PRINCIPAL--NOMBRE DE PERSONA
Nombre de persona Piantini M., José
9 (RLIN) 57671
245 13 - MENCIÓN DE TÍTULO
Título La fiebre tifoidea en Santo Domingo /
Mención de responsabilidad, etc. José Piantini M.
260 ## - PUBLICACIÓN, DISTRIBUCIÓN, ETC.
Lugar de publicación, distribución, etc. Santo Domingo :
Nombre del editor, distribuidor, etc. Imprenta Sanabia,
Fecha de publicación, distribución, etc. 1911.
300 ## - DESCRIPCIÓN FÍSICA
Extensión 37 p. :
Otras características físicas diagr. ;
Dimensiones 23 cm.
502 ## - NOTA DE TESIS
Nota de tesis Tesis para optar por la licenciatura en el Instituto Profesional de Santo Domingo. Facultad de medicina. Año académico de 1910 a 1911, número 4.
Holdings
Estado de retiro Estado de pérdida Restricciones de uso No para préstamo Código de colección Localización permanente Ubicación/localización actual Ubicación en estantería Fecha de adquisición Número de inventario Total de préstamos Signatura topográfica completa Código de barras Fecha visto por última vez Precio válido a partir de Tipo de ítem Koha Nota pública
      Excluido de préstamo Raros y valiosos Patrimonio Dominicano Patrimonio Dominicano En catalogación 14.06.2011 LF1   xxx P581f 31204-10 25.06.2020 25.06.2020 No se presta Perteneció a la biblioteca personal de Carlos Larrazábal Blanco. Dedicado por el autor.

Powered by Koha